文藝女青年這種病,生個孩子就好了

資料類型: Book 圖書   書目號:50894

Leader xxxxxxxxxx
001 __ 102445/6/01
005 __ 20170410105842.832
010 0_ |a978-986-93336-0-3|b平裝|d新臺幣300元
042 __ |anbim
100 __ |a20170410d2016    k  y0chiy50      e
101 0_ |achi
102 __ |atw
105 __ |ay   z   000cy
200 1_ |a文藝女青年這種病,生個孩子就好了|f蘇美著
205 __ |a初版
210 __ |a新北市|c小貓流文化出版|c遠足文化發行|d2016[民105]
215 0_ |a278面|d21公分
225 12 |a小貓流|vFE001
700 _1 |a|b|4681 __ |a855|b886
801 _0 |atw|bLibDipper|c20170410|gCCR
詳細館藏(共 1 筆)
索 書 號登 錄 號冊次號館別 / 館藏地流通類型狀態加入預約清單電子資源
855 / 886 1024456  圖書館 / 一樓普通區 可外借30天 在館   

| 條列資料




目錄查詢 分類查詢 個人資料 圖書薦購 新書查詢 閉館日 排行榜 更多電子資源 Hami書城 線上資料庫 登出

From : 216.73.217.87

  本日流通累計至 21:57:37 借閱 : 1 次 續借 : 0 次 歸還 : 2 次 預約 : 0 次 電子資源 : 0 次


內湖高中圖書館  PCLIS 版本  26.5.0.12